Cities More Populous Than Their Neighbours - Statistics

General Stats
  • This quiz has been taken 18 times
  • The average score is 18 of 23
Answer Stats
Population Answer % Correct
22.8 mil Cairo
100%
35.7 mil Delhi
100%
72.7 mil Guangzhou
93%
29.5 mil Jakarta
93%
21.3 mil Lagos
93%
15.1 mil London
93%
17.1 mil Los Angeles
93%
25.4 mil Mexico City
93%
21.8 mil New York City
93%
22.6 mil Sao Paulo
93%
41.2 mil Tokyo
93%
12.0 mil Lima
87%
18.8 mil Moscow
87%
21.8 mil Bangkok
80%
14.8 mil Johannesburg
80%
16.8 mil Tehran
80%
10.6 mil Bogota
73%
16.3 mil Kinshasa
73%
6.9 mil Nairobi
60%
5.2 mil Melbourne
53%
7.2 mil Khartoum
40%
6.3 mil Miami
33%
5.0 mil Urumqi
20%
No matching quizzes found
Score Distribution
Percent of People with Each Score
Percentile by Number Answered
Your Score History
You have not taken this quiz